000 00233nam a22001097a 4500
008 210707s2011 xx 000 0 und d
041 _aeng
082 _a052 IHOR
245 _aIndian Horizons
260 _c2011
650 _aThe Arts
999 _c179861
_d179861